Interdisciplinary connections to special education : (Record no. 32303)
[ view plain ]
| 000 -LEADER | |
|---|---|
| fixed length control field | 00417nam a22001217a 4500 |
| 008 - FIXED-LENGTH DATA ELEMENTS--GENERAL INFORMATION | |
| fixed length control field | 250707b |||||||| |||| 00| 0 eng d |
| 020 ## - INTERNATIONAL STANDARD BOOK NUMBER | |
| International Standard Book Number | 9781784416645 |
| 050 ## - LIBRARY OF CONGRESS CALL NUMBER | |
| Classification number | LC 3965 .I58 2015 |
| 100 ## - MAIN ENTRY--PERSONAL NAME | |
| Personal name | editor:Obiakor,Festus E. |
| 245 ## - TITLE STATEMENT | |
| Title | Interdisciplinary connections to special education : |
| Remainder of title | key related professionals involved/ |
| 300 ## - PHYSICAL DESCRIPTION | |
| Extent | x, 211p. ; |
| Dimensions | 24cm |
| 942 ## - ADDED ENTRY ELEMENTS (KOHA) | |
| Source of classification or shelving scheme | |
| Koha item type | Hard Covered Materials |
| Classification part | LC 3965 .I58 2015 |
| Withdrawn status | Lost status | Source of classification or shelving scheme | Damaged status | Not for loan | Home library | Current library | Shelving location | Date acquired | Source of acquisition | Cost, normal purchase price | Total Checkouts | Full call number | Barcode | Date last seen | Date last checked out | Price effective from | Koha item type |
|---|---|---|---|---|---|---|---|---|---|---|---|---|---|---|---|---|---|
| MACHAKOS UNIVERSITY LIBRARY | MACHAKOS UNIVERSITY LIBRARY | Open shelf | 07/07/2025 | Purchase(Turraco book house) | 17236.80 | 1 | LC 3965 .I58 2015 | 40207 | 25/02/2026 | 16/02/2026 | 07/07/2025 | Hard Covered Materials |